[Event "Lvov Maksym Yusupov Memorial 1st"]
[Site "Lvov"]
[Date "2013.02.04"]
[Round "8"]
[White "Yaremko, Nazar"]
[Black "Omelja, Artem"]
[Result "1/2-1/2"]
[WhiteElo "2306"]
[BlackElo "2287"]
[PlyCount "139"]
[EventDate "2013.02.01"]
[EventType "tourn"]
[EventRounds "9"]
[EventCountry "UKR"]
[SourceTitle "CBM 152 Extra"]
[Source "ChessBase"]
[SourceDate "2013.02.25"]
[SourceVersion "1"]
[SourceVersionDate "2013.02.25"]
[SourceQuality "1"]

1. e4 e6 2. d4 d5 3. Nc3 Bb4 4. Nge2 Nc6 5. exd5 exd5 6. a3 Bxc3+ 7. Nxc3 Nge7 8. g3 Bf5 9. Be3 Qd7 10. Qd2 Bg4 11. Bg2 Bh3 12. Bxh3 Qxh3 13. Nb5 0-0-0 14. 0-0-0 a6 15. Nc3 b6 16. g4 h5 17. gxh5 Rxh5 18. Ne2 Rh7 19. Nf4 Qf5 20. h4 Rdh8 21. Rhg1 g6 22. Rg5 Qd7 23. Qe2 Kb7 24. Qf3 f6 25. Rg2 Qf5 26. Qg4 Qxg4 27. Rxg4 Rxh4 28. Nxg6 Rxg4 29. Nxh8 Rh4 30. Nf7 Nf5 31. c4 Kc8 32. cxd5 Nce7 33. d6 cxd6 34. Re1 Rh7 35. Nh6 Nxe3 36. Rxe3 Nd5 37. Rh3 Kd7 38. Kd2 Ke6 39. Rh4 Ne7 40. Kd3 Rg7 41. Re4+ Kd7 42. Ng4 Rg6 43. Ne3 f5 44. Rf4 Ke6 45. d5+ Ke5 46. Rb4 b5 47. f4+ Kf6 48. a4 Rg3 49. Rd4 Rh3 50. b3 Ng6 51. Ke2 bxa4 52. Rxa4 Rh2+ 53. Kd3 Rf2 54. Nc4 Rxf4 55. Rxa6 Ne5+ 56. Kc3 Nxc4 57. bxc4 Ke5 58. Ra8 Rf3+ 59. Kb4 Rf1 60. Kb5 f4 61. Kc6 Rc1 62. Re8+ Kd4 63. Kxd6 Rxc4 64. Ke6 Ra4 65. d6 Ra6 66. Kf5 Rxd6 67. Kxf4 Rf6+ 68. Kg5 Rf2 69. Rd8+ Ke5 70. Re8+ 1/2-1/2

[Event "Lvov Maksym Yusupov Memorial 1st"]
[Site "Lvov"]
[Date "2013.02.02"]
[Round "4"]
[White "Yaremko, Nazar"]
[Black "Sychevskyy, Andriy"]
[Result "1/2-1/2"]
[WhiteElo "2306"]
[BlackElo "2083"]
[PlyCount "86"]
[EventDate "2013.02.01"]
[EventType "tourn"]
[EventRounds "9"]
[EventCountry "UKR"]
[SourceTitle "CBM 152 Extra"]
[Source "ChessBase"]
[SourceDate "2013.02.25"]
[SourceVersion "1"]
[SourceVersionDate "2013.02.25"]
[SourceQuality "1"]

1. e4 e6 2. d4 d5 3. Nc3 Bb4 4. Nge2 Nc6 5. exd5 exd5 6. a3 Ba5 7. g3 Nge7 8. Bg2 Bg4 9. b4 Bb6 10. h3 Bh5 11. Be3 Bxe2 12. Qxe2 Qd7 13. 0-0 0-0-0 14. Qd2 Rde8 15. a4 a5 16. b5 Nd8 17. Qd3 Kb8 18. Ne2 f6 19. Bd2 g5 20. Nc1 h5 21. Nb3 h4 22. Bxa5 Bxa5 23. Nxa5 g4 24. hxg4 Qxg4 25. Qf3 Qxd4 26. Rfd1 Qb6 27. Nc4 Qc5 28. Ne3 hxg3 29. Nxd5 Reg8 30. Nxe7 gxf2+ 31. Kf1 Rxg2 32. Kxg2 Qxe7 33. Rh1 Rg8+ 34. Kxf2 Qc5+ 35. Kf1 Ne6 36. Re1 Nd4 37. Qe4 Qg5 38. b6 cxb6 39. Re3 Nf5 40. Reh3 Ng3+ 41. Rxg3 Qxg3 42. Rh7 Qg1+ 43. Ke2 Rg2+ 1/2-1/2

[Event "Najdorf Memorial op-A"]
[Site "Grodzisk Mazowiecki"]
[Date "2007.07.26"]
[Round "7"]
[White "Yaremko, Nazar"]
[Black "Janczarski, Michal"]
[Result "1-0"]
[WhiteElo "2351"]
[BlackElo "2088"]
[PlyCount "77"]
[EventDate "2007.07.20"]
[EventType "swiss"]
[EventRounds "9"]
[EventCountry "POL"]
[SourceTitle "CBM 119 Extra"]
[Source "ChessBase"]
[SourceDate "2007.09.04"]
[SourceVersion "1"]
[SourceVersionDate "2007.09.04"]
[SourceQuality "1"]

1. Nf3 g6 2. g3 Bg7 3. Bg2 d6 4. 0-0 Nf6 5. c4 e5 6. d3 0-0 7. Nc3 Nc6 8. Rb1 a5 9. Bg5 h6 10. Bxf6 Bxf6 11. a3 Bg7 12. b4 axb4 13. axb4 Be6 14. Ne1 Qc8 15. Nd5 Kh8 16. Nc2 Bxd5 17. Bxd5 Ne7 18. Bg2 c6 19. b5 f5 20. Qd2 Qc7 21. b6 Qd8 22. Qb4 Ra6 23. c5 dxc5 24. Qxc5 Bf6 25. Rfd1 Qd7 26. d4 e4 27. f3 exf3 28. Bxf3 Rfa8 29. Nb4 Ra5 30. Qc4 Qd8 31. d5 c5 32. Nc6 bxc6 33. dxc6 Ra1 34. c7 Qxd1+ 35. Rxd1 Rxd1+ 36. Kg2 Rf8 37. b7 Rb1 38. Qxc5 Rb3 39. c8Q 1-0

[Event "Najdorf Memorial op-A"]
[Site "Grodzisk Mazowiecki"]
[Date "2007.07.25"]
[Round "6"]
[White "Stoma, Pawel"]
[Black "Yaremko, Nazar"]
[Result "1-0"]
[WhiteElo "2233"]
[BlackElo "2351"]
[PlyCount "51"]
[EventDate "2007.07.20"]
[EventType "swiss"]
[EventRounds "9"]
[EventCountry "POL"]
[SourceTitle "CBM 119 Extra"]
[Source "ChessBase"]
[SourceDate "2007.09.04"]
[SourceVersion "1"]
[SourceVersionDate "2007.09.04"]
[SourceQuality "1"]

1. e4 e5 2. Nf3 Nc6 3. Bb5 Nf6 4. d3 d6 5. c3 Be7 6. Nbd2 0-0 7. Nf1 a6 8. Ba4 b5 9. Bc2 d5 10. Qe2 d4 11. Ng3 g6 12. 0-0 Re8 13. h3 Bb7 14. Bb3 Nd7 15. cxd4 exd4 16. Bd2 Nc5 17. Bd5 Nb8 18. Bxb7 Nxb7 19. a4 bxa4 20. Rxa4 c5 21. Ne5 Bd6 22. Ng4 f5 23. Nh6+ Kg7 24. Qf3 Qd7 25. exf5 Qxa4 26. f6+ 1-0

[Event "Najdorf Memorial op-A"]
[Site "Grodzisk Mazowiecki"]
[Date "2007.07.24"]
[Round "5"]
[White "Yaremko, Nazar"]
[Black "Onischuk, Vladimir"]
[Result "0-1"]
[WhiteElo "2351"]
[BlackElo "2506"]
[PlyCount "94"]
[EventDate "2007.07.20"]
[EventType "swiss"]
[EventRounds "9"]
[EventCountry "POL"]
[SourceTitle "CBM 119 Extra"]
[Source "ChessBase"]
[SourceDate "2007.09.04"]
[SourceVersion "1"]
[SourceVersionDate "2007.09.04"]
[SourceQuality "1"]

1. Nf3 Nf6 2. c4 g6 3. g3 Bg7 4. Bg2 0-0 5. 0-0 d6 6. Nc3 e5 7. d3 h6 8. Rb1 a5 9. a3 Be6 10. b4 axb4 11. axb4 Qc8 12. Re1 Bh3 13. Bh1 Nc6 14. b5 Ne7 15. b6 c5 16. Nb5 Qd7 17. Nd2 Kh7 18. Ne4 Nxe4 19. dxe4 Rad8 20. Qd3 Nc6 21. Bd2 f5 22. Red1 f4 23. Bg2 Bg4 24. Rf1 Nd4 25. Nxd4 cxd4 26. Bb4 Rc8 27. Rbc1 g5 28. Rc2 Rc6 29. c5 Rfc8 30. Rfc1 dxc5 31. Bxc5 Qe6 32. Bf1 Bh5 33. Bg2 Bg6 34. h3 Bf6 35. e3 dxe3 36. fxe3 fxg3 37. Bb4 Rxc2 38. Rxc2 Rxc2 39. Qxc2 Qxb6 40. Bd2 h5 41. Bf3 h4 42. Bg4 Qc6 43. Qd3 Qxe4 44. Qb5 Qb1+ 45. Qxb1 Bxb1 46. Bf3 e4 47. Bg4 Kg6 0-1

[Event "Najdorf Memorial op-A"]
[Site "Grodzisk Mazowiecki"]
[Date "2007.07.23"]
[Round "4"]
[White "Tokarski, Lukasz"]
[Black "Yaremko, Nazar"]
[Result "0-1"]
[WhiteElo "2168"]
[BlackElo "2351"]
[PlyCount "108"]
[EventDate "2007.07.20"]
[EventType "swiss"]
[EventRounds "9"]
[EventCountry "POL"]
[SourceTitle "CBM 119 Extra"]
[Source "ChessBase"]
[SourceDate "2007.09.04"]
[SourceVersion "1"]
[SourceVersionDate "2007.09.04"]
[SourceQuality "1"]

1. e4 e5 2. Nf3 Nc6 3. Bb5 Nf6 4. 0-0 Nxe4 5. Re1 Nd6 6. Nxe5 Nxe5 7. Rxe5+ Be7 8. Bd3 0-0 9. Nc3 Bf6 10. Re3 g6 11. b3 Bd4 12. Rh3 Qf6 13. Rf3 Qg7 14. Rb1 b6 15. Ne2 Be5 16. Re3 Bb7 17. f4 Bf6 18. Ba3 c5 19. Kh1 Rfe8 20. Ng3 Qh6 21. Qg4 Bc6 22. Rbe1 Bg7 23. f5 Rxe3 24. Rxe3 Ne8 25. Ne4 Nf6 26. Nxf6+ Bxf6 27. fxg6 hxg6 28. b4 cxb4 29. Bxb4 a5 30. Bd6 Bg5 31. Re2 Bxd2 32. Bc4 Qg5 33. Qd4 Bb4 34. Bf4 Bc5 35. Qd2 Qf6 36. h3 d5 37. Bxd5 Bxd5 38. Qxd5 Qa1+ 39. Kh2 Bg1+ 40. Kg3 Rc8 41. Be5 Qc1 42. Bd4 Qa3+ 43. Kh4 Bxd4 44. Qxd4 Qxa2 45. Kg3 Qa3+ 46. Re3 Qc5 47. Qxc5 Rxc5 48. Rb3 b5 49. c3 a4 50. Ra3 Kf8 51. Kf3 Ke7 52. Ke4 Kd6 53. Kd4 Rd5+ 54. Ke3 Kc5 0-1

[Event "Lvov Vasylyshyn Memorial"]
[Site "Lvov"]
[Date "2006.10.17"]
[Round "15"]
[White "Yaremko, Nazar"]
[Black "Firman, Nazar"]
[Result "0-1"]
[WhiteElo "2326"]
[BlackElo "2495"]
[PlyCount "78"]
[EventDate "2006.10.07"]
[EventType "tourn"]
[EventRounds "15"]
[EventCountry "UKR"]
[EventCategory "8"]
[SourceTitle "CBM 114 Extra"]
[Source "ChessBase"]
[SourceDate "2006.11.03"]
[SourceVersion "1"]
[SourceVersionDate "2006.11.03"]
[SourceQuality "1"]

1. e4 e5 2. Nf3 Nc6 3. Bb5 a6 4. Bxc6 dxc6 5. 0-0 Bg4 6. h3 h5 7. d3 Qf6 8. Nbd2 Ne7 9. Re1 Ng6 10. d4 Bd6 11. hxg4 hxg4 12. Nh2 Rxh2 13. Qxg4 Rh4 14. Qf5 Rf4 15. Qxf6 Rxf6 16. Nf3 Rxf3 17. gxf3 Nh4 18. Re3 exd4 19. Rd3 c5 20. Kf1 Ng6 21. f4 Bxf4 22. Bxf4 Nxf4 23. Rg3 g6 24. Rg4 Nh5 25. f4 Ke7 26. Ke2 Rh8 27. Kd3 Nf6 28. Rg3 Rh4 29. Rf3 Ng4 30. c3 Nh2 31. Rf2 Rh3+ 32. Kc4 Ng4 33. Re2 Kd6 34. Kb3 Ne3 35. Rae1 c4+ 36. Kb4 d3 37. Rd2 Nc2+ 38. Rxc2 dxc2 39. Kxc4 Re3 0-1

[Event "Lvov Vasylyshyn Memorial"]
[Site "Lvov"]
[Date "2006.10.10"]
[Round "6"]
[White "Yaremko, Nazar"]
[Black "Vovk, Yuri"]
[Result "0-1"]
[WhiteElo "2326"]
[BlackElo "2444"]
[PlyCount "138"]
[EventDate "2006.10.07"]
[EventType "tourn"]
[EventRounds "15"]
[EventCountry "UKR"]
[EventCategory "8"]
[SourceTitle "CBM 114 Extra"]
[Source "ChessBase"]
[SourceDate "2006.11.03"]
[SourceVersion "1"]
[SourceVersionDate "2006.11.03"]
[SourceQuality "1"]

1. e4 c5 2. Nf3 d6 3. d4 cxd4 4. Nxd4 Nf6 5. Nc3 Nc6 6. f3 e6 7. Be3 Be7 8. Qd2 0-0 9. 0-0-0 a6 10. g4 Nxd4 11. Qxd4 Nd7 12. Kb1 b5 13. h4 Ne5 14. Be2 Bb7 15. g5 Rc8 16. Bc1 Qa5 17. Rdg1 Bd8 18. Be3 b4 19. Nd1 Qc7 20. Qd2 d5 21. f4 Nc4 22. Bxc4 Qxc4 23. b3 Qb5 24. h5 dxe4 25. h6 g6 26. Nf2 Be7 27. Ng4 Rfd8 28. Qf2 Kf8 29. Rd1 Ke8 30. Rhe1 a5 31. Bb6 Rxd1+ 32. Rxd1 e3 33. Bxe3 Be4 34. Rd2 a4 35. Bd4 axb3 36. axb3 Qd5 37. Kb2 Qa5 38. Qe3 Ra8 39. Kb1 Qb5 40. Nf2 Bf5 41. Qf3 Qf1+ 42. Rd1 Qa6 43. Nd3 Qa2+ 44. Kc1 Rc8 45. Rd2 Qxb3 46. Qb7 Qa3+ 47. Bb2 Qa8 48. Qxa8 Rxa8 49. Ne5 Rc8 50. Kd1 Rc7 51. Nd3 Rc4 52. Be5 Bg4+ 53. Ke1 Bf5 54. Kd1 Bg4+ 55. Ke1 Re4+ 56. Kf1 Bf5 57. Kf2 Rc4 58. Ke2 Bd8 59. Kd1 Ba5 60. Nb2 Rc8 61. Rf2 b3 62. c4 Bb6 63. Rg2 Rd8+ 64. Ke1 Ba5+ 65. Ke2 Rd2+ 66. Kf3 Be4+ 67. Kxe4 Rxg2 68. Kd3 Rg3+ 69. Ke4 Bc3 0-1

[Event "Lvov Vasylyshyn Memorial"]
[Site "Lvov"]
[Date "2006.10.09"]
[Round "4"]
[White "Yaremko, Nazar"]
[Black "Kazakov, Mikhail"]
[Result "1-0"]
[WhiteElo "2326"]
[BlackElo "2456"]
[PlyCount "79"]
[EventDate "2006.10.07"]
[EventType "tourn"]
[EventRounds "15"]
[EventCountry "UKR"]
[EventCategory "8"]
[SourceTitle "CBM 114 Extra"]
[Source "ChessBase"]
[SourceDate "2006.11.03"]
[SourceVersion "1"]
[SourceVersionDate "2006.11.03"]
[SourceQuality "1"]

1. e4 d6 2. d4 Nf6 3. Nc3 g6 4. f4 Bg7 5. Nf3 0-0 6. Be3 b6 7. Qd2 Bb7 8. e5 Ng4 9. 0-0-0 c5 10. dxc5 Nxe3 11. Qxe3 bxc5 12. h4 h5 13. f5 Bxf3 14. gxf3 Nc6 15. fxg6 fxg6 16. exd6 Ne5 17. f4 Bh6 18. Qxc5 exd6 19. Rxd6 Bxf4+ 20. Kb1 Qe8 21. Qd5+ Kh7 22. Bg2 Rb8 23. Re6 Qf7 24. Rxe5 Bxe5 25. Qxe5 Qf2 26. Rd1 Qf7 27. Bd5 Qg7 28. Qg3 Rfc8 29. Bb3 Rb4 30. Nd5 Rg4 31. Qh2 a5 32. a4 Rf8 33. Re1 Rf7 34. Ka2 Rb7 35. Nc3 Re7 36. Rf1 Rb7 37. Qf2 Rd4 38. Re1 Rd8 39. Ne4 Rd4 40. Nf6+ 1-0

[Event "Lvov Vasylyshyn Memorial"]
[Site "Lvov"]
[Date "2006.10.07"]
[Round "2"]
[White "Yaremko, Nazar"]
[Black "Kravtsiv, Martyn"]
[Result "0-1"]
[WhiteElo "2326"]
[BlackElo "2446"]
[PlyCount "60"]
[EventDate "2006.10.07"]
[EventType "tourn"]
[EventRounds "15"]
[EventCountry "UKR"]
[EventCategory "8"]
[SourceTitle "CBM 114 Extra"]
[Source "ChessBase"]
[SourceDate "2006.11.03"]
[SourceVersion "1"]
[SourceVersionDate "2006.11.03"]
[SourceQuality "1"]

1. e4 e5 2. Nf3 Nc6 3. Bb5 a6 4. Bxc6 dxc6 5. 0-0 Bg4 6. h3 h5 7. d3 Qf6 8. Nbd2 Ne7 9. Re1 Ng6 10. d4 Bd6 11. dxe5 Bxe5 12. hxg4 hxg4 13. g3 Rd8 14. Re3 gxf3 15. Rxf3 Qg5 16. Rf5 Qh6 17. Qf3 Bxb2 18. Bxb2 Qh2+ 19. Kf1 Rxd2 20. Bxg7 Qh1+ 21. Qxh1 Rxh1+ 22. Kg2 Rxa1 23. Bxa1 Rxc2 24. Ra5 c5 25. Kf3 Ne7 26. Ke3 Nc6 27. Ra4 Nb4 28. a3 Nc6 29. g4 c4 30. Bf6 a5 0-1

[Event "EU-ch U16"]
[Site "Herceg Novi"]
[Date "2006.09.14"]
[Round "5"]
[White "Salgado Lopez, Ivan"]
[Black "Yaremko, Nazar"]
[Result "1-0"]
[WhiteElo "2411"]
[BlackElo "2297"]
[PlyCount "127"]
[EventDate "2006.09.10"]
[EventType "swiss"]
[EventRounds "9"]
[EventCountry "MNE"]
[SourceTitle "CBM 114 Extra"]
[Source "ChessBase"]
[SourceDate "2006.11.03"]
[SourceVersion "1"]
[SourceVersionDate "2006.11.03"]
[SourceQuality "1"]

1. e4 e5 2. Bc4 Nc6 3. d3 Nf6 4. Nf3 Be7 5. 0-0 0-0 6. Re1 d6 7. a4 Bg4 8. h3 Bh5 9. c3 Qd7 10. Nbd2 a6 11. Nf1 Bg6 12. Nh4 d5 13. Nxg6 hxg6 14. exd5 Nxd5 15. a5 Bc5 16. Ng3 Nf6 17. b4 Ba7 18. Bg5 Ne8 19. Qg4 Qxg4 20. hxg4 Nd6 21. Bd5 Rfe8 22. Ne4 Kf8 23. Kf1 f6 24. Be3 Bxe3 25. Rxe3 Ne7 26. Bb3 Nxe4 27. dxe4 g5 28. Rd3 Rad8 29. Ke2 Ng6 30. g3 Ke7 31. Ba4 c6 32. Bb3 Rh8 33. Rxd8 Rxd8 34. Ke3 Kd6 35. Bf7 Nh8 36. Bc4 Ng6 37. Be2 Kc7 38. Rb1 Rh8 39. c4 Rd8 40. b5 c5 41. b6+ Kc8 42. Bd1 Kb8 43. Ba4 Kc8 44. Rh1 Kb8 45. Rh7 Rg8 46. f4 gxf4+ 47. gxf4 exf4+ 48. Kf3 Kc8 49. Rh5 Ne5+ 50. Kxf4 Rf8 51. Rh7 Nxc4 52. Rxg7 Nxa5 53. Rc7+ Kb8 54. Rxc5 Nc6 55. Bxc6 bxc6 56. Rxc6 Kb7 57. Rd6 a5 58. Kf5 Ka6 59. Ke6 Rb8 60. b7+ Kb5 61. Kxf6 Rxb7 62. e5 a4 63. e6 a3 64. e7 1-0

[Event "Rodatychi op"]
[Site "Rodatychi"]
[Date "2006.09.01"]
[Round "9"]
[White "Kravtsiv, Martyn"]
[Black "Yaremko, Nazar"]
[Result "0-1"]
[WhiteElo "2450"]
[BlackElo "2324"]
[PlyCount "46"]
[EventDate "2006.08.27"]
[EventType "swiss"]
[EventRounds "9"]
[EventCountry "UKR"]
[SourceTitle "EXT 2008"]
[Source "ChessBase"]
[SourceDate "2007.11.25"]
[SourceVersion "1"]
[SourceVersionDate "2007.11.25"]
[SourceQuality "1"]

1. e4 e6 2. d4 d5 3. Nc3 Bb4 4. e5 Ne7 5. Qg4 c5 6. dxc5 Nbc6 7. Bd2 0-0 8. Nf3 f5 9. exf6 Rxf6 10. Bg5 e5 11. Qh4 Bxc3+ 12. bxc3 Qa5 13. Bd2 Rf4 14. Qg5 Rg4 15. Qh5 g6 16. Qh6 Nf5 17. Qh3 Ng3 18. Qxg3 Rxg3 19. hxg3 Qxc5 20. Be2 Bg4 21. Rh4 h5 22. Ng1 Rf8 23. Bf3 e4 0-1

[Event "Rodatychi op"]
[Site "Rodatychi"]
[Date "2006.08.29"]
[Round "5"]
[White "Smirnov, Igor"]
[Black "Yaremko, Nazar"]
[Result "1-0"]
[WhiteElo "2450"]
[BlackElo "2324"]
[PlyCount "81"]
[EventDate "2006.08.27"]
[EventType "swiss"]
[EventRounds "9"]
[EventCountry "UKR"]
[SourceTitle "EXT 2008"]
[Source "ChessBase"]
[SourceDate "2007.11.25"]
[SourceVersion "1"]
[SourceVersionDate "2007.11.25"]
[SourceQuality "1"]

1. e4 e5 2. Nf3 Nf6 3. Nxe5 d6 4. Nf3 Nxe4 5. d4 Be7 6. Bd3 Nf6 7. h3 0-0 8. 0-0 Na6 9. c3 c6 10. Bf4 Re8 11. Nbd2 Nc7 12. Re1 Ne6 13. Bh2 Bf8 14. a4 a5 15. Nc4 d5 16. Nce5 g6 17. Qb3 Nd7 18. Nxd7 Qxd7 19. c4 Bg7 20. cxd5 Nxd4 21. Nxd4 Bxd4 22. d6 b6 23. Rad1 Bb7 24. Be2 c5 25. Qxb6 Bd5 26. Bg3 Reb8 27. Qc7 Qxa4 28. Qe7 Qc6 29. Bf1 Rb7 30. Qg5 Rd7 31. Rd2 Rxd6 32. Bxd6 Qxd6 33. Qg4 Be6 34. Qf3 Rb8 35. Rc1 Rb3 36. Qe4 Bd5 37. Rxd4 cxd4 38. Rc8+ Kg7 39. Qxd4+ Qf6 40. Qxd5 Rxb2 41. Qc5 1-0

[Event "Minsk Inautomarket op"]
[Site "Minsk"]
[Date "2006.07.11"]
[Round "2"]
[White "Yaremko, Nazar"]
[Black "Popov, Ivan1111"]
[Result "1/2-1/2"]
[WhiteElo "2324"]
[BlackElo "2485"]
[PlyCount "100"]
[EventDate "2006.07.10"]
[EventType "swiss"]
[EventRounds "9"]
[EventCountry "BLR"]
[SourceTitle "CBM 113 Extra"]
[Source "ChessBase"]
[SourceDate "2006.09.14"]
[SourceVersion "1"]
[SourceVersionDate "2006.09.14"]
[SourceQuality "1"]

1. e4 c6 2. d4 d5 3. Nc3 dxe4 4. Nxe4 Bf5 5. Ng3 Bg6 6. h4 h6 7. Nf3 Nd7 8. h5 Bh7 9. Bd3 Bxd3 10. Qxd3 Ngf6 11. Bd2 e6 12. 0-0-0 Be7 13. Ne4 0-0 14. Nxf6+ Nxf6 15. Ne5 c5 16. dxc5 Qc7 17. Qe2 Bxc5 18. Bf4 Nd5 19. Bg3 Rac8 20. Kb1 Bd6 21. Rd3 b5 22. Ng4 Bxg3 23. fxg3 b4 24. Ne3 Nxe3 25. Rxe3 a5 26. a3 Qb6 27. Rd1 bxa3 28. Rxa3 Rc5 29. Rb3 Qc6 30. Rbd3 Qc7 31. g4 a4 32. Rd7 Qb8 33. Qe3 Rc7 34. R7d4 Qb5 35. Qd3 Qc6 36. Qe4 Qxe4 37. Rxe4 Rfc8 38. Rd2 Rc4 39. Rde2 Kf8 40. b3 axb3 41. cxb3 Rxe4 42. Rxe4 Rc3 43. Kb2 Rg3 44. b4 Ke7 45. b5 Rxg2+ 46. Kb3 Rg1 47. Kb4 Rc1 48. b6 Kd7 49. Kb5 Kc8 50. Ra4 Rb1+ 1/2-1/2

[Event "UKR-ch U16"]
[Site "Kiev"]
[Date "2006.02.25"]
[Round "10"]
[White "Yaremko, Nazar"]
[Black "Kruglyakov, Pavlo"]
[Result "1/2-1/2"]
[WhiteElo "2246"]
[BlackElo "2238"]
[PlyCount "48"]
[EventDate "2006.02.16"]
[EventType "tourn"]
[EventRounds "11"]
[EventCountry "UKR"]
[EventCategory "1"]
[SourceTitle "EXT 2023"]
[Source "ChessBase"]
[SourceDate "2022.10.05"]
[SourceVersion "1"]
[SourceVersionDate "2022.10.05"]
[SourceQuality "1"]

1. e4 c5 2. Nf3 Nc6 3. d4 cxd4 4. Nxd4 Nf6 5. Nc3 e5 6. Ndb5 d6 7. Bg5 a6 8. Na3 b5 9. Nd5 Be7 10. Bxf6 Bxf6 11. c3 0-0 12. Nc2 Rb8 13. a4 bxa4 14. Ncb4 Nxb4 15. cxb4 Bb7 16. Rxa4 Bc6 17. Rxa6 Bxd5 18. Qxd5 Rxb4 19. Bc4 Rxb2 20. 0-0 Qb8 21. Rxd6 Rb7 22. g3 Be7 23. Rd7 Rxd7 24. Qxd7 Bc5 1/2-1/2

[Event "UKR-ch U16"]
[Site "Kiev"]
[Date "2006.02.18"]
[Round "3"]
[White "Onischuk, Vladimir"]
[Black "Yaremko, Nazar"]
[Result "1-0"]
[WhiteElo "2362"]
[BlackElo "2246"]
[PlyCount "103"]
[EventDate "2006.02.16"]
[EventType "tourn"]
[EventRounds "11"]
[EventCountry "UKR"]
[EventCategory "1"]
[SourceTitle "EXT 2023"]
[Source "ChessBase"]
[SourceDate "2022.10.05"]
[SourceVersion "1"]
[SourceVersionDate "2022.10.05"]
[SourceQuality "1"]

1. e4 c5 2. Nf3 Nc6 3. d4 cxd4 4. Nxd4 Nf6 5. Nc3 d6 6. f3 e5 7. Nb3 Be7 8. Be3 0-0 9. Qd2 Be6 10. 0-0-0 Na5 11. g4 Nc4 12. Bxc4 Bxc4 13. g5 Nh5 14. h4 Re8 15. Nd5 Bf8 16. Rh2 Qd7 17. Qc3 Bxd5 18. Rxd5 f5 19. gxf6 Nxf6 20. Rd1 Qf7 21. Qd3 h6 22. Kb1 a6 23. Na5 b5 24. Qb3 Red8 25. Rhd2 Rd7 26. c4 bxc4 27. Qxc4 Rc7 28. Qxf7+ Kxf7 29. b3 Ke6 30. Nc4 Ne8 31. Nb6 Rd8 32. Nd5 Rcc8 33. f4 exf4 34. Nxf4+ Kf7 35. e5 Be7 36. e6+ Kg8 37. Ng6 Bf6 38. Bb6 Nc7 39. Bxc7 Rxc7 40. h5 a5 41. Rc2 Rxc2 42. Kxc2 d5 43. Kd3 Rc8 44. Kd2 Re8 45. Re1 Rc8 46. Re2 Re8 47. Kd3 Rc8 48. Rc2 Rxc2 49. Kxc2 Bd4 50. Kd3 Bc5 51. a3 Bxa3 52. Kd4 1-0

[Event "UKR-ch U16"]
[Site "Kiev"]
[Date "2006.02.17"]
[Round "2"]
[White "Yaremko, Nazar"]
[Black "Borsuk, Konstantin"]
[Result "1-0"]
[WhiteElo "2246"]
[BlackElo "2252"]
[PlyCount "117"]
[EventDate "2006.02.16"]
[EventType "tourn"]
[EventRounds "11"]
[EventCountry "UKR"]
[EventCategory "1"]
[SourceTitle "EXT 2023"]
[Source "ChessBase"]
[SourceDate "2022.10.05"]
[SourceVersion "1"]
[SourceVersionDate "2022.10.05"]
[SourceQuality "1"]

1. e4 e6 2. d4 d5 3. Nc3 Bb4 4. Nge2 dxe4 5. a3 Bxc3+ 6. Nxc3 Nc6 7. d5 exd5 8. Qxd5 Be6 9. Qxd8+ Rxd8 10. Bg5 Nge7 11. Nxe4 Bf5 12. Nc5 Rd5 13. Be3 Nd4 14. Bxd4 Rxd4 15. Nxb7 0-0 16. Nc5 Bxc2 17. Rc1 Be4 18. f3 Bd5 19. Bd3 Ng6 20. Kf2 Ne5 21. Rhd1 Nxd3+ 22. Rxd3 Rxd3 23. Nxd3 c6 24. Rc5 f6 25. Nf4 Rd8 26. Ke3 Re8+ 27. Kd2 Rd8 28. Nxd5 cxd5 29. Rc7 Rb8 30. Kc3 d4+ 31. Kc2 Re8 32. Kd2 Rb8 33. Rc2 Rb3 34. Kc1 Re3 35. Rd2 d3 36. Rf2 f5 37. f4 Re1+ 38. Kd2 Rh1 39. h3 Kf7 40. Kxd3 Ke6 41. Kd4 Kd6 42. b4 Ra1 43. Rf3 Ra2 44. g3 h5 45. h4 a6 46. Kc4 Rb2 47. Rd3+ Kc6 48. Kd4 Re2 49. Kc4 Re4+ 50. Kb3 Re1 51. Ka4 g6 52. Ka5 Re8 53. a4 Re4 54. b5+ axb5 55. axb5+ Kc7 56. b6+ Kc6 57. Rc3+ Kb7 58. Rc7+ Kb8 59. Rc6 1-0

[Event "UKR-ch U20"]
[Site "Lvov"]
[Date "2006.02.12"]
[Round "11"]
[White "Yaremko, Nazar"]
[Black "Sysoenko, Aleksey"]
[Result "1-0"]
[WhiteElo "2246"]
[BlackElo "2214"]
[PlyCount "49"]
[EventDate "2006.02.02"]
[EventType "tourn"]
[EventRounds "11"]
[EventCountry "UKR"]
[EventCategory "6"]
[SourceTitle "CBM 110 Extra"]
[Source "ChessBase"]
[SourceDate "2006.03.10"]
[SourceVersion "2"]
[SourceVersionDate "2006.03.10"]
[SourceQuality "1"]

1. e4 g6 2. d4 Bg7 3. Nc3 d6 4. f4 Nf6 5. Nf3 0-0 6. Be3 Ng4 7. Bg1 e5 8. dxe5 Nc6 9. h3 Nh6 10. Bb5 f5 11. Qd5+ Kh8 12. 0-0-0 fxe4 13. Qxe4 Nf7 14. Bxc6 bxc6 15. Qxc6 Rb8 16. Bxa7 Bb7 17. Qc4 Ra8 18. Bd4 Bxf3 19. gxf3 Qh4 20. exd6 Qxf4+ 21. Kb1 Ne5 22. Qxc7 Rab8 23. Rhe1 Rfc8 24. Qxg7+ Kxg7 25. Bxe5+ 1-0

[Event "UKR-ch U20"]
[Site "Lvov"]
[Date "2006.02.09"]
[Round "8"]
[White "Pavlov, Sergey1111"]
[Black "Yaremko, Nazar"]
[Result "1/2-1/2"]
[WhiteElo "2453"]
[BlackElo "2246"]
[PlyCount "102"]
[EventDate "2006.02.02"]
[EventType "tourn"]
[EventRounds "11"]
[EventCountry "UKR"]
[EventCategory "6"]
[SourceTitle "CBM 110 Extra"]
[Source "ChessBase"]
[SourceDate "2006.03.10"]
[SourceVersion "2"]
[SourceVersionDate "2006.03.10"]
[SourceQuality "1"]

1. Nf3 c5 2. c4 Nc6 3. d4 cxd4 4. Nxd4 g6 5. e4 Bg7 6. Be3 Nf6 7. Nc3 d6 8. Be2 0-0 9. 0-0 Nxd4 10. Bxd4 Bd7 11. Qd2 a6 12. f3 Qa5 13. a3 Be6 14. b4 Qc7 15. Rfc1 Nd7 16. Be3 Rfc8 17. Rab1 a5 18. Nb5 Qd8 19. Nd4 Nf8 20. f4 axb4 21. axb4 Bd7 22. Bf3 Ra3 23. Ne2 Rca8 24. Nc3 Be6 25. Nd5 Bxd5 26. exd5 b6 27. c5 bxc5 28. bxc5 dxc5 29. Bxc5 Ra2 30. Qe1 Bf6 31. d6 exd6 32. Bb6 Qe8 33. Bxa8 Qxa8 34. Qf1 Ne6 35. Be3 Qe4 36. Re1 Bc3 37. Re2 Rxe2 38. Rb8+ Kg7 39. Qxe2 Nxf4 40. Qf3 Qxf3 41. gxf3 Be5 42. Rb5 Kf6 43. Kf1 Ke6 44. Bf2 h5 45. Bg3 f6 46. Rb7 Kf5 47. Re7 g5 48. Kf2 Bd4+ 49. Ke1 Be5 50. Kf2 Bd4+ 51. Kf1 Be5 1/2-1/2

[Event "UKR-ch U20 qual"]
[Site "Lvov"]
[Date "2005.12.17"]
[Round "7"]
[White "Kosikov, Andrey"]
[Black "Yaremko, Nazar"]
[Result "0-1"]
[WhiteElo "2132"]
[BlackElo "2254"]
[PlyCount "58"]
[EventDate "2005.12.11"]
[EventType "swiss"]
[EventRounds "9"]
[EventCountry "UKR"]
[SourceTitle "EXT 2007"]
[Source "ChessBase"]
[SourceDate "2006.11.23"]
[SourceVersion "1"]
[SourceVersionDate "2006.11.23"]
[SourceQuality "1"]

1. c4 c5 2. Nc3 Nc6 3. Nf3 g6 4. g3 Bg7 5. Bg2 e5 6. d3 Nge7 7. h4 h6 8. Be3 d6 9. Qc1 Be6 10. 0-0 f6 11. a3 a5 12. Nd2 g5 13. hxg5 hxg5 14. Nde4 Qd7 15. Nd5 Bxd5 16. cxd5 Nxd5 17. Bxg5 fxg5 18. Qxg5 Rh6 19. f4 Qe7 20. Bf3 0-0-0 21. b4 cxb4 22. axb4 Ndxb4 23. f5 Qxg5 24. Nxg5 e4 25. Nxe4 Bd4+ 26. Nf2 Rg8 27. Kg2 Bxa1 28. Rxa1 Nc2 29. Rc1 Ne3+ 0-1